Historisches Archiv Roche

Titel: Historisches Archiv Roche
Verfasser:
Ausgabe: 2. Aufl.
Veröffentlicht: Basel : Hist. Archiv Roche, 2002
Umfang: 45 S.
Format: Buch
Sprache: Sprache nicht angegeben
Schriftenreihe/
mehrbändiges Werk:
Die weiße Reihe
Kein Bild verfügbar
X
alg: 44191679
001A    $03036:30-01-19 
001B    $01999:30-01-19 $t22:56:15.000 
001D    $03036:30-01-19 
001U    $0utf8 
001X    $00 
002@    $0Aax    
003@    $0441916791 
007A    $0441916791 $aHEB 
007T    $0ArchMa07783 
011@    $a2002 
021A    $aHistorisches Archiv Roche 
028A    $aBieri $dAlexander 
032@    $a2. Aufl. 
033A    $pBasel $nHist. Archiv Roche 
034D    $a45 S. 
036G    $aDie @weiße Reihe 

lok: 44191679 105

exp: 44191679 105 1 #EPN
201B/01 $030-01-19 $t13:34:16.000 
201C/01 $030-01-19 
201U/01 $0utf8 
203@/01 $01042272646 
208@/01 $a13-12-18 $be 
209A/01 $a/ $f106 $x00 
244Z/01 $aBasel $x01 
245Z/01 $a4.12.02. $bArchivwesen Europas / Schweiz, Liechtenstein / Archive und Archivbestände $x01 
247C/01 $8->Marburg, Bibliographie zum Archivwesen der Archivschule Marburg $939588196X
LEADER 00000cam a22000002c 4500
001 441916791
003 DE-603
005 20190130225615.0
007 tu
008 190130s2002 xx |||| | u00||u|und c
035 |a (DE-599)HEB441916791 
040 |a DE-603  |b ger  |c DE-603  |d DE-603 
041 |a und 
100 1 |a Bieri, Alexander 
245 0 0 |a Historisches Archiv Roche 
250 |a 2. Aufl. 
264 1 |a Basel  |b Hist. Archiv Roche  |c 2002 
300 |a 45 S. 
490 0 |a ˜Dieœ weiße Reihe 
924 0 |9 -  |a (DE-603)1042272646  |b DE-  |c HES  |d d  |g /